00781nam a2200169 a 450000100100000000500170001000800410002704000250006808200150009311000990010824501650020726000660037230000170043850000260045595201130048199900170059400003885920201002031410.0100310s19uu dr 000 0 spa d aDO-SdBNPbspacBNPHU axxxbR426m1 aRepública DominicanabSecretaría de Estado de FinanzasbSuperintendencia de Seguros93711110aManual de estudio y guía de examen para obtener las licencias de intermediarios en operaciones de seguros en los ramos de vida, accidentes personales y salud. aSanto Domingo :bSecretaría de Estado de Finanzas,c[197?]. a64 ;c27 cm. aPublicación oficial 0010718PDaPDbPDcCTd2013-04-30iLF1l0oxxx R426mp38859-10r2020-06-25w2020-06-25yLFPDZNo se presta c38349d38349